[Event "Memorial Gashimov 2023 - Blitz"]
[Site "Gabala"]
[Date "11.12.2023"]
[Round "B4"]
[White "Mamedyarov, Shakhriyar"]
[Black "Abasov, Nijat"]
[Result "1-0"]
[WhiteElo "2734"]
[BlackElo "2679"]
[PlyCount "84"]
[EventDate "2023.??.??"]
[WhiteTeam "Azerbaijan"]
[BlackTeam "Azerbaijan"]
[WhiteTeamCountry "AZE"]
[BlackTeamCountry "AZE"]

1. Nf3 d5 2. e3 c5 3. b3 Nc6 4. Bb2 Nf6 5. Bb5 Bd7 6. O-O e6 7. d3 a6 8. Bxc6
Bxc6 9. Nbd2 Bd6 10. Ne5 Bxe5 11. Bxe5 O-O 12. f4 d4 13. exd4 cxd4 14. Nf3 Ng4
15. Qe2 f6 16. Bc7 Qd7 17. Bb6 Bxf3 18. Rxf3 Ne3 19. c4 Qd6 20. Ba5 Rae8 21.
Bd2 Nf5 22. Re1 Re7 23. Qf2 Rfe8 24. Re4 Qc6 25. h3 Rd7 26. Qe1 Kf7 27. Rf2 Ng3
28. Rfe2 Nxe4 29. Rxe4 b5 30. Qh4 Kg8 31. Qf2 e5 32. Qe2 bxc4 33. bxc4 Rde7 34.
Bb4 Rb7 35. a3 Qc7 36. Rxd4 a5 37. Bd6 Qb6 38. c5 Qb2 39. Qxb2 Rxb2 40. fxe5
fxe5 41. Re4 Rd2 42. Re3 Ra2 1-0

[Event "Memorial Gashimov 2023 - Blitz"]
[Site "Gabala"]
[Date "11.12.2023"]
[Round "B5"]
[White "Abasov, Nijat"]
[Black "Erigaisi Arjun"]
[Result "0-1"]
[WhiteElo "2679"]
[BlackElo "2712"]
[PlyCount "76"]
[EventDate "2023.??.??"]
[WhiteTeam "Azerbaijan"]
[BlackTeam "India"]
[WhiteTeamCountry "AZE"]
[BlackTeamCountry "IND"]

1. e4 e6 2. d4 d5 3. Nc3 Bb4 4. Nge2 Nf6 5. e5 Nfd7 6. Be3 O-O 7. f4 f6 8. a3
Be7 9. exf6 Nxf6 10. Ng3 c5 11. dxc5 Nc6 12. Nb5 e5 13. fxe5 Ng4 14. Qd2 Nxe3
15. Qxe3 Bg5 16. Qb3 Be6 17. Be2 Qe7 18. Nd6 Nxe5 19. Rf1 b6 20. Qc3 Rxf1+ 21.
Kxf1 Bf6 22. Nh5 Rf8 23. Kg1 Nf3+ 24. Qxf3 Bd4+ 25. Kh1 Rxf3 26. Bxf3 bxc5 27.
Nb5 Bxb2 28. Re1 Qd7 29. Nc7 Bf7 30. Na6 Qc8 31. Be2 Bxa3 32. Rb1 Bxh5 33. Bxh5
g6 34. Be2 Qe6 35. Bf1 c4 36. Nc7 Qc6 37. Nb5 Bc5 38. c3 a6 0-1

[Event "Memorial Gashimov 2023 - Blitz"]
[Site "Gabala"]
[Date "11.12.2023"]
[Round "B5"]
[White "Vidit, Gujrathi"]
[Black "Mamedyarov, Shakhriyar"]
[Result "1/2-1/2"]
[WhiteElo "2716"]
[BlackElo "2734"]
[PlyCount "61"]
[EventDate "2023.??.??"]
[WhiteTeam "India"]
[BlackTeam "Azerbaijan"]
[WhiteTeamCountry "IND"]
[BlackTeamCountry "AZE"]

1. e4 e5 2. Nf3 Nc6 3. d4 exd4 4. Nxd4 Qf6 5. Nf3 Bb4+ 6. c3 Bc5 7. Be2 Nge7 8.
O-O h6 9. Nbd2 d6 10. Nb3 Bb6 11. Nfd4 Be6 12. Be3 O-O 13. Nxc6 bxc6 14. Nd4 d5
15. Bf3 Rad8 16. Qc2 c5 17. Nxe6 fxe6 18. exd5 exd5 19. Rad1 c6 20. Bg4 Nf5 21.
Bxf5 Qxf5 22. Qxf5 Rxf5 23. c4 Re8 24. Rd3 Re4 25. b3 dxc4 26. Rc3 cxb3 27.
axb3 c4 28. Bxb6 axb6 29. bxc4 Rc5 30. Rb3 Rexc4 31. Rxb6 1/2-1/2

[Event "Memorial Gashimov 2023 - Blitz"]
[Site "Gabala"]
[Date "11.12.2023"]
[Round "B5"]
[White "Suleymanli, Aydin"]
[Black "Gelfand, Boris"]
[Result "1-0"]
[WhiteElo "2588"]
[BlackElo "2655"]
[PlyCount "79"]
[EventDate "2023.??.??"]
[WhiteTeam "Azerbaijan"]
[BlackTeam "Israele"]
[WhiteTeamCountry "AZE"]
[BlackTeamCountry "ISR"]

1. c4 c5 2. Nf3 Nf6 3. Nc3 Nc6 4. d4 cxd4 5. Nxd4 e6 6. a3 d5 7. cxd5 exd5 8.
g3 Bc5 9. Be3 Bb6 10. Bg2 O-O 11. O-O Re8 12. Nxc6 bxc6 13. Bd4 Ba6 14. Re1 Ng4
15. Na4 Ne5 16. Rc1 Nc4 17. b3 Bxd4 18. Qxd4 Nxa3 19. Qb4 Nb5 20. Rxc6 Bb7 21.
Qxb5 Bxc6 22. Qxc6 Qa5 23. Kf1 Rad8 24. Rd1 d4 25. Bf3 Qf5 26. Kg2 Qe5 27. Qc5
Qb8 28. b4 Rc8 29. Qxd4 Rcd8 30. Bd5 Kh8 31. e4 f6 32. Nc3 Rc8 33. Ra1 Re7 34.
b5 Rec7 35. Bc6 Rd8 36. Nd5 Rf7 37. Qc5 Rc8 38. Ra4 Rd8 39. Nf4 Rc8 40. Qh5 1-0

[Event "Memorial Gashimov 2023 - Blitz"]
[Site "Gabala"]
[Date "11.12.2023"]
[Round "B5"]
[White "Mamedov, Rauf"]
[Black "Rapport, Richard"]
[Result "0-1"]
[WhiteElo "2640"]
[BlackElo "2752"]
[PlyCount "120"]
[EventDate "2023.??.??"]
[WhiteTeam "Azerbaijan"]
[BlackTeam "ROU"]
[WhiteTeamCountry "AZE"]

1. Nf3 d5 2. g3 Nc6 3. d4 Bf5 4. Bg2 Nb4 5. Na3 e6 6. c3 Nc6 7. Nc2 Be4 8. Ne3
Nf6 9. Nf1 h6 10. N1d2 Bh7 11. O-O Bd6 12. Re1 O-O 13. a4 a5 14. Nb3 Re8 15.
Bf4 Bxf4 16. gxf4 Ne7 17. Nbd2 Nf5 18. Nf1 c5 19. Ng3 Qb6 20. dxc5 Qxb2 21.
Nxf5 Bxf5 22. Nd4 Qxc3 23. Rc1 Qb4 24. e3 Bh7 25. Nb5 Rec8 26. Qd4 Nd7 27. f5
Bxf5 28. Nd6 Rxc5 29. Nxf5 exf5 30. Rb1 Qxd4 31. exd4 Rc7 32. Bxd5 Nf6 33. Bxb7
Rb8 34. Bf3 Rxb1 35. Rxb1 Rc4 36. Rb5 Rxa4 37. Rxf5 Kf8 38. Rb5 g5 39. h3 Rxd4
40. Rxa5 Kg7 41. Ra7 Rf4 42. Kg2 Nh7 43. Bd5 Nf8 44. Rb7 Ng6 45. Kg3 Rf6 46.
Ra7 Nf4 47. Bc4 Nh5+ 48. Kg2 Rf5 49. Bb3 Nf4+ 50. Kg3 Ne2+ 51. Kg2 Nc3 52. Re7
Rf4 53. Bc2 Nd5 54. Ra7 Rb4 55. Kg3 Rc4 56. Bb1 Rc3+ 57. f3 Nf4 58. h4 Nh5+ 59.
Kh3 Rxf3+ 60. Kg4 Rf4+ 0-1

[Event "Memorial Gashimov 2023 - Blitz"]
[Site "Gabala"]
[Date "11.12.2023"]
[Round "B5"]
[White "Radjabov, Teimour"]
[Black "Van Foreest, Jorden"]
[Result "1/2-1/2"]
[WhiteElo "2745"]
[BlackElo "2707"]
[PlyCount "111"]
[EventDate "2023.??.??"]
[WhiteTeam "Azerbaijan"]
[BlackTeam "Olanda"]
[WhiteTeamCountry "AZE"]
[BlackTeamCountry "NED"]

1. e4 c6 2. Nf3 d5 3. exd5 cxd5 4. Ne5 a6 5. d4 Nc6 6. Nxc6 bxc6 7. Bd3 Nf6 8.
Nd2 Bg4 9. f3 Bh5 10. Qe2 e6 11. c3 Bg6 12. Bxa6 Qc7 13. Bd3 c5 14. Bb5+ Nd7
15. Nb3 c4 16. Nc5 Bxc5 17. dxc5 O-O 18. Bxd7 Qxd7 19. Be3 Bd3 20. Qd2 e5 21.
Kf2 f5 22. Kg1 f4 23. Bf2 e4 24. Bd4 Ra6 25. h4 Rg6 26. Rh2 exf3 27. h5 Rxg2+
28. Rxg2 fxg2 29. Qxg2 Be4 30. Qg5 Rf5 31. Qh4 h6 32. Kf2 Rg5 33. Rg1 Qa4 34.
Rxg5 Qc2+ 35. Kg1 Qd1+ 36. Kf2 Qd2+ 37. Kf1 hxg5 38. Qxg5 Qd1+ 39. Kf2 Qd2+ 40.
Kf1 Qd3+ 41. Kf2 Qc2+ 42. Kf1 Qb1+ 43. Kf2 Qxb2+ 44. Kf1 Qa1+ 45. Kf2 Qxa2+ 46.
Kf1 Qb1+ 47. Kf2 Qc2+ 48. Kf1 Qc1+ 49. Kf2 Qd2+ 50. Kf1 Bd3+ 51. Kg1 Qe1+ 52.
Kh2 Qe2+ 53. Kg1 Qe1+ 54. Kh2 Qe2+ 55. Kg1 Qe1+ 56. Kh2 1/2-1/2

[Event "Memorial Gashimov 2023 - Blitz"]
[Site "Gabala"]
[Date "11.12.2023"]
[Round "B6"]
[White "Rapport, Richard"]
[Black "Radjabov, Teimour"]
[Result "1-0"]
[WhiteElo "2752"]
[BlackElo "2745"]
[PlyCount "69"]
[EventDate "2023.??.??"]
[WhiteTeam "ROU"]
[BlackTeam "Azerbaijan"]
[BlackTeamCountry "AZE"]

1. e4 e5 2. Nc3 Nc6 3. Bc4 Nf6 4. d3 Bc5 5. Nge2 d6 6. O-O Be6 7. Ng3 h6 8. Nd5
Bxd5 9. exd5 Ne7 10. Qf3 Bb6 11. a4 a6 12. a5 Ba7 13. Bb3 Qd7 14. Be3 Kf8 15.
h3 Bxe3 16. fxe3 h5 17. Ra4 h4 18. Ne4 Neg8 19. Rb4 Nxe4 20. Ba4 Ng5 21. Bxd7
Nxf3+ 22. Rxf3 Nf6 23. Rxf6 gxf6 24. Rxb7 Kg7 25. Rxc7 Rh5 26. Bg4 Rhh8 27. b4
Kg6 28. e4 Kg5 29. Rxf7 Rhf8 30. Rxf8 Rxf8 31. Bd7 Rf7 32. Bc6 f5 33. c4 fxe4
34. dxe4 Ra7 35. c5 1-0

[Event "Memorial Gashimov 2023 - Blitz"]
[Site "Gabala"]
[Date "11.12.2023"]
[Round "B6"]
[White "Gelfand, Boris"]
[Black "Mamedov, Rauf"]
[Result "0-1"]
[WhiteElo "2655"]
[BlackElo "2640"]
[PlyCount "48"]
[EventDate "2023.??.??"]
[WhiteTeam "Israele"]
[BlackTeam "Azerbaijan"]
[WhiteTeamCountry "ISR"]
[BlackTeamCountry "AZE"]

1. d4 d5 2. c4 e6 3. Nf3 c5 4. cxd5 exd5 5. g3 Nc6 6. Bg2 Nf6 7. O-O Be7 8. Nc3
O-O 9. Bf4 Be6 10. dxc5 Bxc5 11. Ng5 Re8 12. Rc1 Bf8 13. Nxe6 fxe6 14. a3 Rc8
15. Qa4 a6 16. e4 d4 17. e5 dxc3 18. exf6 cxb2 19. fxg7 Bxg7 20. Rcd1 Qb6 21.
Be3 Qb5 22. Qe4 Ne5 23. Bd4 Rc4 24. Kh1 Nc6 0-1

[Event "Memorial Gashimov 2023 - Blitz"]
[Site "Gabala"]
[Date "11.12.2023"]
[Round "B6"]
[White "Mamedyarov, Shakhriyar"]
[Black "Suleymanli, Aydin"]
[Result "1/2-1/2"]
[WhiteElo "2734"]
[BlackElo "2588"]
[PlyCount "141"]
[EventDate "2023.??.??"]
[WhiteTeam "Azerbaijan"]
[BlackTeam "Azerbaijan"]
[WhiteTeamCountry "AZE"]
[BlackTeamCountry "AZE"]

1. d4 Nf6 2. c4 e6 3. Nc3 Bb4 4. Nf3 O-O 5. Qb3 c5 6. Bg5 h6 7. Bh4 Nc6 8. e3
cxd4 9. Nxd4 Be7 10. Rd1 Na5 11. Qa4 Qb6 12. Qc2 Qc5 13. a3 Nc6 14. Be2 a6 15.
O-O Rd8 16. b4 Qa7 17. Ne4 g5 18. Bg3 d5 19. cxd5 Nxd4 20. Rxd4 Nxd5 21. Rfd1
Bd7 22. Nc5 Bxc5 23. bxc5 Rac8 24. Bd6 Bb5 25. Qd2 b6 26. cxb6 Qxb6 27. Bxb5
Rxd6 28. Be2 Rdc6 29. Bd3 Kg7 30. h4 Nf6 31. Rb4 Qa5 32. Qb2 Rc3 33. hxg5 hxg5
34. a4 Qe5 35. Bxa6 Rh8 36. g3 g4 37. Rb5 Qe4 38. Rg5+ Kh6 39. Bb7 Qc2 40. Qxc2
Rxc2 41. Rb5 Ra2 42. a5 Kg6 43. a6 Nd5 44. Bxd5 exd5 45. Rb6+ f6 46. Rb4 f5 47.
Rb6+ Kg5 48. Kg2 Rc8 49. Rd6 Rcc2 50. Rf1 Rd2 51. Kg1 Kh5 52. Rb6 Kg5 53. Rc6
Kh5 54. Rb6 Kg5 55. Rb4 Rxa6 56. Rf4 Re6 57. Rc1 Re4 58. Rc6 d4 59. Rc5 Rxf4
60. exf4+ Kf6 61. Kf1 Rd1+ 62. Ke2 Ra1 63. Rd5 Ra2+ 64. Kf1 Ra1+ 65. Kg2 Ra4
66. Re5 Ra2 67. Re8 Ra1 68. Rd8 Ra4 69. Kf1 Ra1+ 70. Ke2 Ra2+ 71. Kf1 1/2-1/2

[Event "Memorial Gashimov 2023 - Blitz"]
[Site "Gabala"]
[Date "11.12.2023"]
[Round "B6"]
[White "Abasov, Nijat"]
[Black "Vidit, Gujrathi"]
[Result "0-1"]
[WhiteElo "2679"]
[BlackElo "2716"]
[PlyCount "70"]
[EventDate "2023.??.??"]
[WhiteTeam "Azerbaijan"]
[BlackTeam "India"]
[WhiteTeamCountry "AZE"]
[BlackTeamCountry "IND"]

1. d4 Nf6 2. Nf3 d5 3. Bf4 c5 4. e3 e6 5. c3 Nc6 6. Bb5 Bd7 7. Nbd2 Be7 8. O-O
O-O 9. a4 Nh5 10. Bxc6 Bxc6 11. Re1 cxd4 12. Nxd4 Nf6 13. e4 dxe4 14. Nxc6 bxc6
15. Nxe4 Nd5 16. Qf3 Qb6 17. Re2 Rad8 18. h3 Nxf4 19. Qxf4 Rd5 20. Qe3 Qc7 21.
Rd2 Rb8 22. a5 h6 23. b4 Rxd2 24. Nxd2 c5 25. bxc5 Bxc5 26. Qf3 Be7 27. a6 Rb2
28. Ne4 f5 29. Ng3 Bc5 30. Rf1 Qe5 31. Nh5 Rxf2 32. Rxf2 Qe1+ 33. Kh2 Bxf2 34.
Qa8+ Kh7 35. Nf6+ gxf6 0-1

[Event "Memorial Gashimov 2023 - Blitz"]
[Site "Gabala"]
[Date "11.12.2023"]
[Round "B7"]
[White "Suleymanli, Aydin"]
[Black "Abasov, Nijat"]
[Result "1-0"]
[WhiteElo "2588"]
[BlackElo "2679"]
[PlyCount "79"]
[EventDate "2023.??.??"]
[WhiteTeam "Azerbaijan"]
[BlackTeam "Azerbaijan"]
[WhiteTeamCountry "AZE"]
[BlackTeamCountry "AZE"]

1. c4 e6 2. Nc3 d5 3. d4 Nf6 4. cxd5 exd5 5. Bg5 Be7 6. e3 h6 7. Bh4 O-O 8. Bd3
Bg4 9. Qc2 Nbd7 10. h3 Be6 11. Nge2 Ne8 12. Bg3 Bd6 13. Nf4 c6 14. O-O Qe7 15.
Rae1 Ndf6 16. f3 c5 17. Qf2 Rc8 18. Nb5 Bb8 19. Nxe6 Bxg3 20. Qxg3 fxe6 21.
dxc5 Rxc5 22. Nd4 Nd6 23. Qe5 Re8 24. b3 Nd7 25. Qg3 e5 26. f4 Rc3 27. fxe5
Nxe5 28. Bb1 Ne4 29. Qf4 Rf8 30. Nf5 Qf6 31. Bxe4 dxe4 32. Nxh6+ gxh6 33. Qxf6
Rxf6 34. Rxf6 Rc2 35. Re6 Nd3 36. Rf1 Nc5 37. Re8+ Kg7 38. Re7+ Kg6 39. Rc7 a5
40. a3 1-0

[Event "Memorial Gashimov 2023 - Blitz"]
[Site "Gabala"]
[Date "11.12.2023"]
[Round "B7"]
[White "Mamedov, Rauf"]
[Black "Mamedyarov, Shakhriyar"]
[Result "0-1"]
[WhiteElo "2640"]
[BlackElo "2734"]
[PlyCount "84"]
[EventDate "2023.??.??"]
[WhiteTeam "Azerbaijan"]
[BlackTeam "Azerbaijan"]
[WhiteTeamCountry "AZE"]
[BlackTeamCountry "AZE"]

1. e4 e6 2. d4 d5 3. Nd2 dxe4 4. Nxe4 Nd7 5. Nf3 Ngf6 6. Nxf6+ Nxf6 7. Be3 Be7
8. Bb5+ Bd7 9. Bd3 Nd5 10. Ne5 Bd6 11. Bd2 c5 12. Qh5 g6 13. Qf3 Qf6 14. Qxf6
Nxf6 15. Nc4 Be7 16. dxc5 Bxc5 17. Bc3 Be7 18. O-O-O Bc6 19. Ne5 Bxg2 20. Bb5+
Kf8 21. Rhe1 Kg7 22. Rd4 a6 23. Bd3 Rac8 24. Rf4 g5 25. Ra4 h6 26. h4 Nd5 27.
Bd2 f6 28. Ng4 gxh4 29. Rxe6 Kf7 30. Re1 h3 31. Nh2 Bd6 32. Ng4 h5 33. Nh6+
Rxh6 34. Bxh6 Re8 35. Rd1 Nb4 36. Bf5 Re5 37. Rxd6 Rxf5 38. Rd7+ Kg6 39. Rxb4
Kxh6 40. Rh4 Kg5 41. Rhd4 h2 42. Rd1 h1=Q 0-1

[Event "Memorial Gashimov 2023 - Blitz"]
[Site "Gabala"]
[Date "11.12.2023"]
[Round "B7"]
[White "Radjabov, Teimour"]
[Black "Gelfand, Boris"]
[Result "1/2-1/2"]
[WhiteElo "2745"]
[BlackElo "2655"]
[PlyCount "88"]
[EventDate "2023.??.??"]
[WhiteTeam "Azerbaijan"]
[BlackTeam "Israele"]
[WhiteTeamCountry "AZE"]
[BlackTeamCountry "ISR"]

1. d4 Nf6 2. Nf3 d5 3. c4 e6 4. Nc3 c6 5. e3 Nbd7 6. b3 Bb4 7. Bd2 Qe7 8. Be2
O-O 9. O-O Bd6 10. Rc1 Ne4 11. Nxe4 dxe4 12. Ne1 f5 13. Nc2 Nf6 14. Bc3 e5 15.
dxe5 Bxe5 16. Bxe5 Qxe5 17. Qd4 Qe7 18. c5 Be6 19. Bc4 Nd5 20. Qe5 Qf6 21. Qxf6
Rxf6 22. Nd4 Bf7 23. a3 Re8 24. Rfe1 g5 25. b4 f4 26. b5 Kg7 27. a4 Nb4 28.
bxc6 bxc6 29. Red1 fxe3 30. fxe3 Bxc4 31. Rxc4 Nd5 32. Re1 Rb8 33. g4 Kg6 34.
Nf5 Re6 35. h3 Rb3 36. Nd4 Rxe3 37. Rxe3 Nxe3 38. Rc1 Rf6 39. Re1 Nd5 40. Rxe4
Nc3 41. Re7 Nxa4 42. Nf5 Rf7 43. Re6+ Rf6 44. Re7 Rf7 1/2-1/2

[Event "Memorial Gashimov 2023 - Blitz"]
[Site "Gabala"]
[Date "11.12.2023"]
[Round "B7"]
[White "Van Foreest, Jorden"]
[Black "Rapport, Richard"]
[Result "0-1"]
[WhiteElo "2707"]
[BlackElo "2752"]
[PlyCount "38"]
[EventDate "2023.??.??"]
[WhiteTeam "Olanda"]
[BlackTeam "ROU"]
[WhiteTeamCountry "NED"]

1. e4 Nf6 2. e5 Nd5 3. d4 d6 4. Nf3 dxe5 5. Nxe5 c6 6. Bc4 Nd7 7. Nf3 N7f6 8.
O-O Bg4 9. Be2 e6 10. h3 Bf5 11. Nh4 Bg6 12. c4 Ne7 13. Nc3 Nf5 14. Nxg6 hxg6
15. d5 Bd6 16. Bg5 Qc7 17. dxe6 O-O-O 18. Qa4 Bc5 19. Bxf6 Rxh3 0-1

[Event "Memorial Gashimov 2023 - Blitz"]
[Site "Gabala"]
[Date "11.12.2023"]
[Round "B8"]
[White "Gelfand, Boris"]
[Black "Van Foreest, Jorden"]
[Result "1/2-1/2"]
[WhiteElo "2655"]
[BlackElo "2707"]
[PlyCount "53"]
[EventDate "2023.??.??"]
[WhiteTeam "Israele"]
[BlackTeam "Olanda"]
[WhiteTeamCountry "ISR"]
[BlackTeamCountry "NED"]

1. d4 d5 2. c4 e5 3. dxe5 d4 4. Nf3 Nc6 5. a3 g6 6. e3 Bg4 7. Be2 Bxf3 8. Bxf3
Nge7 9. O-O Bg7 10. exd4 Qxd4 11. Nc3 Qxc4 12. Bg5 Rd8 13. Qc1 Nd4 14. Qf4 Qe6
15. Bf6 Nxf3+ 16. Qxf3 O-O 17. Qxb7 Bxf6 18. exf6 Qxf6 19. Qxc7 Nd5 20. Nxd5
Rxd5 21. b4 a6 22. Rac1 Rd6 23. a4 Rb6 24. Rc4 Rfb8 25. Qc5 Qb2 26. b5 axb5 27.
axb5 1/2-1/2

[Event "Memorial Gashimov 2023 - Blitz"]
[Site "Gabala"]
[Date "11.12.2023"]
[Round "B8"]
[White "Mamedyarov, Shakhriyar"]
[Black "Radjabov, Teimour"]
[Result "1-0"]
[WhiteElo "2734"]
[BlackElo "2745"]
[PlyCount "87"]
[EventDate "2023.??.??"]
[WhiteTeam "Azerbaijan"]
[BlackTeam "Azerbaijan"]
[WhiteTeamCountry "AZE"]
[BlackTeamCountry "AZE"]

1. Nf3 Nf6 2. c4 e6 3. e3 d5 4. b3 c6 5. Bb2 Nbd7 6. Nc3 Bd6 7. Qc2 a6 8. d4 b5
9. Bd3 b4 10. Ne2 a5 11. cxd5 cxd5 12. Qc6 Qb6 13. Qxa8 O-O 14. Ne5 Bb7 15.
Qxf8+ Bxf8 16. O-O Ba6 17. Nf4 Nxe5 18. dxe5 Ne4 19. Bd4 Qb7 20. Rfc1 g6 21.
Rc2 Bxd3 22. Nxd3 Qb5 23. Rd1 a4 24. h3 h5 25. Nf4 Bh6 26. Nd3 Bf8 27. Nb2 axb3
28. axb3 h4 29. Na4 Kg7 30. Nb2 Nc3 31. Re1 Qa6 32. Na4 Nxa4 33. Ra2 Qd3 34.
bxa4 b3 35. Raa1 Qc2 36. a5 b2 37. a6 bxa1=Q 38. Rxa1 Qc8 39. a7 Qa8 40. Rb1
Qc6 41. Rb8 Qc1+ 42. Kh2 Qf1 43. e4 Qc1 44. Be3 1-0

[Event "Memorial Gashimov 2023 - Blitz"]
[Site "Gabala"]
[Date "11.12.2023"]
[Round "B8"]
[White "Abasov, Nijat"]
[Black "Mamedov, Rauf"]
[Result "1/2-1/2"]
[WhiteElo "2679"]
[BlackElo "2640"]
[PlyCount "71"]
[EventDate "2023.??.??"]
[WhiteTeam "Azerbaijan"]
[BlackTeam "Azerbaijan"]
[WhiteTeamCountry "AZE"]
[BlackTeamCountry "AZE"]

1. d4 Nf6 2. Bg5 g6 3. Bxf6 exf6 4. c4 f5 5. Nc3 Bg7 6. e3 d6 7. g3 Nd7 8. Bg2
Nf6 9. Nge2 h5 10. h4 O-O 11. O-O Ng4 12. Nf4 Re8 13. b4 Bh6 14. Qd2 Rb8 15.
Rae1 Bd7 16. Qd3 c6 17. a4 a6 18. b5 axb5 19. axb5 Ra8 20. Ra1 Qe7 21. bxc6
bxc6 22. Rfb1 Rxa1 23. Rxa1 Rb8 24. Bf3 Bxf4 25. exf4 Rb2 26. Ne2 Rb8 27. Kg2
Qe8 28. Ra7 Be6 29. d5 cxd5 30. cxd5 Bd7 31. Qa3 Bb5 32. Qxd6 Rd8 33. Qe7 Bxe2
34. Bxe2 Qxe7 35. Rxe7 Rxd5 36. Bxg4 1/2-1/2

[Event "Memorial Gashimov 2023 - Blitz"]
[Site "Gabala"]
[Date "11.12.2023"]
[Round "B8"]
[White "Vidit, Gujrathi"]
[Black "Suleymanli, Aydin"]
[Result "1-0"]
[WhiteElo "2716"]
[BlackElo "2588"]
[PlyCount "105"]
[EventDate "2023.??.??"]
[WhiteTeam "India"]
[BlackTeam "Azerbaijan"]
[WhiteTeamCountry "IND"]
[BlackTeamCountry "AZE"]

1. e4 e5 2. Nf3 Nc6 3. d4 exd4 4. Nxd4 Nf6 5. Nxc6 bxc6 6. Nd2 d5 7. exd5 cxd5
8. Bb5+ Bd7 9. Bxd7+ Qxd7 10. O-O Be7 11. b3 a5 12. a4 O-O 13. Bb2 Ra6 14. Qf3
Bb4 15. Rad1 Re8 16. Nc4 Ne4 17. Qd3 c6 18. Ne3 Qc8 19. c4 dxc4 20. Qxc4 c5 21.
Qc2 Rg6 22. Rd5 h6 23. Rfd1 Ng5 24. Qf5 Qxf5 25. Rxf5 Ne6 26. Kf1 Rg5 27. Rxg5
hxg5 28. Nd5 f6 29. g3 Kf7 30. Ne3 Rd8 31. Rxd8 Nxd8 32. Ke2 Ke6 33. Kd3 Nb7
34. Nc4 Kd5 35. h3 Be1 36. Ke2 Bb4 37. Ke3 Nd6 38. Nxd6 Kxd6 39. Ke4 Be1 40. g4
Ke6 41. f3 g6 42. Bc1 Bb4 43. Be3 f5+ 44. gxf5+ gxf5+ 45. Kd3 f4 46. Bc1 Kd5
47. Bb2 Be1 48. Bf6 Bh4 49. Bd8 Be1 50. Bxg5 Bg3 51. Bd8 Be1 52. Bf6 Bf2 53.
Bc3 1-0

[Event "Memorial Gashimov 2023 - Blitz"]
[Site "Gabala"]
[Date "11.12.2023"]
[Round "B9"]
[White "Mamedov, Rauf"]
[Black "Vidit, Gujrathi"]
[Result "0-1"]
[WhiteElo "2640"]
[BlackElo "2716"]
[PlyCount "84"]
[EventDate "2023.??.??"]
[WhiteTeam "Azerbaijan"]
[BlackTeam "India"]
[WhiteTeamCountry "AZE"]
[BlackTeamCountry "IND"]

1. e4 e5 2. Nf3 Nc6 3. d4 exd4 4. Bc4 Nf6 5. e5 Ne4 6. Qe2 Nc5 7. O-O Be7 8.
Rd1 Ne6 9. c3 d5 10. exd6 cxd6 11. cxd4 d5 12. Bb3 O-O 13. Nc3 Nc7 14. Bf4 Bd6
15. Bg5 Be7 16. Bxe7 Nxe7 17. Re1 Nc6 18. Qd3 Be6 19. Bc2 g6 20. Qd2 Kg7 21.
Ba4 Qd6 22. Bxc6 Qxc6 23. Qf4 f6 24. Rac1 Rac8 25. Ne4 dxe4 26. Rxc6 bxc6 27.
Qxe4 Bd5 28. Qg4 Rb8 29. h4 h5 30. Qf4 Ne6 31. Qd6 Rbd8 32. Qb4 Rf7 33. Nd2
Rdd7 34. Ne4 Nf4 35. Nd6 Nd3 36. Qa3 Nxe1 37. Nxf7 Nxg2 38. Nd6 Nxh4 39. Nc8
Nf3+ 40. Kf1 h4 41. Qe3 h3 42. Qe8 Bc4+ 0-1

[Event "Memorial Gashimov 2023 - Blitz"]
[Site "Gabala"]
[Date "11.12.2023"]
[Round "B9"]
[White "Radjabov, Teimour"]
[Black "Abasov, Nijat"]
[Result "1-0"]
[WhiteElo "2745"]
[BlackElo "2679"]
[PlyCount "67"]
[EventDate "2023.??.??"]
[WhiteTeam "Azerbaijan"]
[BlackTeam "Azerbaijan"]
[WhiteTeamCountry "AZE"]
[BlackTeamCountry "AZE"]

1. c4 e6 2. Nc3 d5 3. d4 Nf6 4. cxd5 exd5 5. Bg5 Be7 6. Nf3 O-O 7. h3 h6 8. Bh4
Bf5 9. e3 Nbd7 10. Be2 c6 11. Nd2 Ne8 12. Bxe7 Qxe7 13. Bg4 Nd6 14. Bxf5 Nxf5
15. O-O Rae8 16. Rb1 Qd6 17. a4 Re6 18. Qh5 g6 19. Qd1 a6 20. b4 h5 21. Qc2
Rfe8 22. b5 axb5 23. axb5 Nf6 24. Nb3 R6e7 25. Rfc1 Nh7 26. bxc6 bxc6 27. Nd1
Re6 28. Nc5 Rf6 29. Nd3 Rc8 30. Qc5 Qe6 31. Nf4 Qe4 32. Nc3 Qe8 33. Ncxd5 Re6
34. Nxe6 1-0

[Event "Memorial Gashimov 2023 - Blitz"]
[Site "Gabala"]
[Date "11.12.2023"]
[Round "B9"]
[White "Van Foreest, Jorden"]
[Black "Mamedyarov, Shakhriyar"]
[Result "1/2-1/2"]
[WhiteElo "2707"]
[BlackElo "2734"]
[PlyCount "64"]
[EventDate "2023.??.??"]
[WhiteTeam "Olanda"]
[BlackTeam "Azerbaijan"]
[WhiteTeamCountry "NED"]
[BlackTeamCountry "AZE"]

1. e4 e5 2. Nf3 Nc6 3. d4 exd4 4. Nxd4 Qf6 5. Nb3 Qg6 6. f3 Nf6 7. Nc3 Bb4 8.
Bd2 O-O 9. a3 Bxc3 10. Bxc3 Re8 11. Kf2 d6 12. Nd4 Bd7 13. Nxc6 Bxc6 14. Bd3
Nd7 15. Re1 Ne5 16. Qd2 Rad8 17. Qf4 f6 18. Bf1 d5 19. Bd3 dxe4 20. Bxe4 Ng4+
21. Qxg4 Qxg4 22. Bxh7+ Kxh7 23. fxg4 Kg6 24. h3 Kf7 25. Rxe8 Rxe8 26. Rd1 b6
27. Rd2 Re6 28. b3 Rd6 29. Bd4 Be4 30. Ke3 Re6 31. Kf2 Rd6 32. Ke3 Re6 1/2-1/2

[Event "Memorial Gashimov 2023 - Blitz"]
[Site "Gabala"]
[Date "11.12.2023"]
[Round "B9"]
[White "Rapport, Richard"]
[Black "Gelfand, Boris"]
[Result "1/2-1/2"]
[WhiteElo "2752"]
[BlackElo "2655"]
[PlyCount "102"]
[EventDate "2023.??.??"]
[WhiteTeam "ROU"]
[BlackTeam "Israele"]
[BlackTeamCountry "ISR"]

1. e4 e5 2. Nc3 Nf6 3. Bc4 Bc5 4. Nf3 d6 5. d3 c6 6. Ne2 O-O 7. Bb3 Nbd7 8. Ng3
Bb6 9. c3 d5 10. exd5 Nxd5 11. O-O Bc7 12. Re1 Re8 13. Bc2 Nf8 14. d4 exd4 15.
Rxe8 Qxe8 16. Nxd4 Ng6 17. Bd2 Qe7 18. Qh5 Ndf4 19. Bxf4 Bxf4 20. Kf1 Bd7 21.
Re1 Qg5 22. Nf3 Qxh5 23. Nxh5 Bc7 24. Bb3 Re8 25. Rd1 Bg4 26. Ng3 Rd8 27. Rxd8+
Bxd8 28. Nd4 Bd7 29. Ne4 Be7 30. g3 Ne5 31. Ke2 c5 32. Nf3 Bg4 33. Ned2 Nxf3
34. Nxf3 Kf8 35. Bd5 b6 36. Kd3 Bf6 37. Nd2 Bd7 38. Nf1 Be7 39. Ne3 g6 40. Bc4
Bd6 41. Bd5 Ke7 42. Bg2 Be5 43. f4 Bg7 44. Nd5+ Kd6 45. Ne3 Be6 46. b3 b5 47.
c4 b4 48. Bd5 Bd4 49. Bxe6 Kxe6 50. Ke4 f5+ 51. Kf3 Bxe3 1/2-1/2

[Event "Memorial Gashimov 2023 - Blitz"]
[Site "Gabala"]
[Date "11.12.2023"]
[Round "B10"]
[White "Rapport, Richard"]
[Black "Mamedyarov, Shakhriyar"]
[Result "1/2-1/2"]
[WhiteElo "2752"]
[BlackElo "2734"]
[PlyCount "141"]
[EventDate "2023.??.??"]
[WhiteTeam "ROU"]
[BlackTeam "Azerbaijan"]
[BlackTeamCountry "AZE"]

1. e4 e5 2. Bc4 Nf6 3. Nc3 Bc5 4. d3 O-O 5. Nf3 d6 6. Na4 Bb6 7. O-O Be6 8. Bb3
Nbd7 9. Nxb6 axb6 10. c4 Nc5 11. Bc2 Bg4 12. h3 Bxf3 13. Qxf3 Ne6 14. Be3 Nd7
15. b4 Ra3 16. Qd1 c5 17. Bc1 Ra8 18. a4 cxb4 19. Rb1 Ndc5 20. Rxb4 Nd4 21. Be3
Nce6 22. Qd2 Ra6 23. Rfb1 Qc7 24. Bd1 Rfa8 25. Kh2 h6 26. Qb2 Nc5 27. Qd2 Nce6
28. Kh1 Kh7 29. g3 Kg8 30. Kh2 Kh7 31. f4 Kg8 32. f5 Nc5 33. f6 gxf6 34. Ra1
Qe7 35. Bxh6 f5 36. exf5 Nxf5 37. Be3 e4 38. d4 Nd3 39. Rb5 Ra5 40. Bc2 Rxb5
41. cxb5 Rc8 42. Bb3 Qc7 43. Rf1 Qc3 44. Bxf7+ Kxf7 45. Rxf5+ Ke6 46. Qxc3 Rxc3
47. g4 Ne1 48. d5+ Kd7 49. Bxb6 Nf3+ 50. Kg3 Nd2+ 51. Kf2 Rxh3 52. Rf7+ Kc8 53.
Rc7+ Kb8 54. Rd7 Rh8 55. Rxd6 Kc8 56. Rf6 Nc4 57. a5 Kd7 58. Rf7+ Kd6 59. Rxb7
e3+ 60. Bxe3 Rf8+ 61. Ke2 Re8 62. Kd3 Nxe3 63. a6 Nxd5 64. a7 Re3+ 65. Kd4 Ra3
66. Rg7 Ra4+ 67. Kd3 Kc5 68. g5 Kxb5 69. g6 Nf4+ 70. Kc3 Nxg6 71. Rxg6 1/2-1/2